000 00636nam a2200229Ia 4500
003 OSt
005 20221006165642.0
006 a|||||r|||| 00| 0
007 ta
008 221006b |||||||| |||| 00| 0 eng d
024 _a3,084
037 _cTextual
040 _aFML
_cFML
_beng
041 _2eng
_aeng
082 _aP164:4k, 111L3
100 _aSteingass F Ed.
_9680221
245 0 _aComprehensive Persian English Dictonary
260 _aNew Delhi
_bOriental Books Reprint Corporation
_c1973
300 _a1539
_ccm.
942 _hP164:4k, 111L3
_cTEXL
_2CC
999 _c1121600
_d1121600